000 00707nam a2200229Ia 4500
001 dia_4315
003 OSt
005 20221006225611.0
008 220601s9999 xx 000 0 und d
040 _amxchpua
090 _aFOLLETO 2841
100 _aAguilar García, Ramón
_92713
245 _aAplicación de urea en el agua de riego / Ramón Aguilar Garcia
260 _aMéxico : SARH, Instituto nacional de investigaciones forestales y agropecuarias
300 _a19 p.
500 _aD. (Folleto técnico, 2)
650 _a1. Urea2. RiegoÌ
_9176033
901 _aFOLLETO 2841
902 _aM
905 _a0000001990 mx 0000000000spa00
942 _cFOLL
_2local
999 _c209485
_d209485